000 01496nam0a22003491 4500
001 v19\rc\1500609
005 20240320115455.0
035 _a(NLR Aleph) 004627876
090 _a3127352
_c3127352
100 _a20060620d1882 |||y0rusy50 ca
101 1 _arus
_achu
_cchu
102 _aRU
105 _ay z |||||
200 1 _aШестоднев Георгия Пизида в славяно-русском переводе 1385 года
_f[Коммент., предисл. и примеч.] чл.-кор. О-ва любителей древ. письменности и чл. сотр. Археол. ин-та И.А. Шляпкина
210 _aСанкт-Петербург
_cОЛДП [О-во любителей древней письменности]
_d1882
215 _a[4], 46, 22 с.
_d30
225 1 _aПамятники древней письменности и искусства
_v[32]
600 0 _aГеоргий Писида
_f7 в.
_91288778
_3RU\NLR\AUTH\66214861
686 0 _aШ5(0)421-4Георгий Писида
700 1 _aПисида
_bГ.
_gГеоргий
702 1 _aШляпкин
_bИ. А.
_f1858-1918
_gИлья Александрович
_4080
_4212
801 0 _aRU
_bNLR
_gpsbo
801 0 _aRU
_bRuMoRGB
_2psbo
801 1 _aRU
_bProSoft-M
_2rusmarc
852 _aNLR
_j18.345.1.1(32)
899 _aRuMoRGB
_jЯ 51/92
899 _aRuMoRGB
_jR 14/207
899 _aRuMoRGB
_jR 92/1
899 _aНБ МГУ
942 _cBOOK
980 _aNB